PAÍSES destas PESSOAS #1 - Statistics

Estatísticas Gerais
  • Esse quiz foi jogado 466 vezes
  • A pontuação média é 13 de 21
Estatísticas das Respostas
Personalidade País % Correto
Edson Arantes do Nascimento Brasil
98%
George Gordon Byron Reino Unido
96%
Kim Jong-Il Rússia
89%
Steffi Graf Alemanha
87%
Indira Gandhi India
86%
Adolf Hitler Áustria
84%
David Lynch Estados Unidos da América
82%
Sophie Marceau França
82%
Federico Garcia Lorca Espanha
78%
Marie Curie Polónia
68%
Antonio Guterres Portugal
65%
Kylie Minogue Austrália
61%
Muhammad Arábia Saudita
60%
Charlize Theron África do Sul
56%
Vald, O Impalador Romenia
52%
Joseph Stalin Geórgia
31%
Michael I. Pupin Sérvia
27%
Madre Teresa Macedónia
19%
Sirimavo Bandaranaike Sri Lanka
15%
Robert Mugabe Zimbabwe
13%
Ho Chi Minh Vietname
12%
Nenhum quiz correspondente encontrado
Distribuição das Pontuações
Porcentagem de Pessoas com Cada Pontuação
Percentil de Números Respondidos
Sua Pontuação Histórica
Você não jogou esse quiz